| 000 | 00804nam a22002297a 4500 | ||
|---|---|---|---|
| 999 |
_c65581 _d65581 |
||
| 005 | 20240530110832.0 | ||
| 008 | 190903s1988 ua a g b 000 0 ara d | ||
| 017 | _bمصر. دار الكتب | ||
| 040 |
_aEG-CaGPL _cEG-CaGPL |
||
| 082 | 0 | 4 |
_221 _a808.83 \ _bم ق |
| 100 | 1 | _aمالرو ، اندريه | |
| 245 | 1 | 0 |
_aقدر الانسان : _bرواية / _cاندريه مالرو ؛ ترجمة فؤاد كامل |
| 250 | _aط.1 | ||
| 260 |
_aبيروت : _bمنشورات دار الاداب، _c1988 . |
||
| 300 |
_a281 ص. ؛ _c24 سم. |
||
| 504 | _aيشتمل على ارجاعات ببليوجرافية | ||
| 650 | 0 | 7 |
_aالقصص العالمية _2qrmak |
| 651 | _2qrmak | ||
| 700 | 0 |
_aفؤاد كامل _eمترجم |
|
| 942 |
_2ddc _cBK |
||